[Event "POL-ch 64th"]
[Site "Opole POL"]
[Date "2007.02.09"]
[Round "1.1"]
[White "Lubczynski, Rafal"]
[Black "Grabarczyk, Miroslaw"]
[Result "1/2-1/2"]
[WhiteElo "2383"]
[BlackElo "2461"]
[EventDate "2007.02.09"]
[PlyCount "40"]

1. d4 d5 2. c4 e6 3. Nf3 Nf6 4. g3 Bb4+ 5. Bd2 Be7 6. Bg2 c6 7. Qc2 O-O 8. O-O
Nbd7 9. Rd1 b6 10. b3 Bb7 11. Nc3 Qc8 12. e4 dxe4 13. Nxe4 c5 14. Nxf6+ Nxf6
15. Bc3 Be4 16. Qe2 Qb7 17. dxc5 bxc5 18. Ba5 Bd8 19. Bxd8 Rfxd8 20. Ne1 Bxg2
1/2-1/2

[Event "POL-ch 64th"]
[Site "Opole POL"]
[Date "2007.02.09"]
[Round "1.2"]
[White "Heberla, Bartlomiej"]
[Black "Grabarczyk, Bogdan"]
[Result "1-0"]
[WhiteElo "2557"]
[BlackElo "2441"]
[EventDate "2007.02.09"]
[PlyCount "107"]

1. e4 Nf6 2. e5 Nd5 3. d4 d6 4. f4 dxe5 5. fxe5 Bf5 6. Nf3 e6 7. Bd3 Bxd3
8. Qxd3 c5 9. O-O Be7 10. dxc5 Nc6 11. Kh1 Bxc5 12. Qe4 Qc7 13. a3 Be7 14. c4
Nb6 15. Nc3 a6 16. b4 Rd8 17. Qg4 g6 18. Bh6 Rd3 19. Ne4 Nxc4 20. Nf6+ Bxf6
21. Qxc4 Rxf3 22. Rxf3 Bxe5 23. Raf1 Nd8 24. Qh4 f5 25. Rd3 Nf7 26. Rfd1 Qe7
27. Qe1 Qf6 28. Qe3 g5 29. Rd8+ Nxd8 30. Bxg5 f4 31. Bxf6 fxe3 32. Bxe5 Rf8
33. Kg1 Nc6 34. Bd6 e2 35. Re1 Rf1+ 36. Rxf1 exf1=Q+ 37. Kxf1 Nd4 38. a4 Kd7
39. Bc5 Nb3 40. Be3 a5 41. b5 Kd6 42. Ke2 Nc5 43. Bxc5+ Kxc5 44. Kd3 Kb4 45. g4
Kxa4 46. Kc4 Ka3 47. Kc3 a4 48. g5 e5 49. h4 Ka2 50. Kc2 e4 51. h5 e3 52. g6
hxg6 53. hxg6 e2 54. Kd2 1-0

[Event "POL-ch 64th"]
[Site "Opole POL"]
[Date "2007.02.09"]
[Round "1.3"]
[White "Tomczak, Jacek"]
[Black "Cyborowski, Lukasz"]
[Result "1/2-1/2"]
[WhiteElo "2457"]
[BlackElo "2580"]
[EventDate "2007.02.09"]
[PlyCount "41"]

1. e4 c6 2. d4 d5 3. exd5 cxd5 4. c4 Nf6 5. Nc3 e6 6. Nf3 Bb4 7. cxd5 Nxd5
8. Qc2 Qc7 9. Bd2 Nd7 10. Rc1 Bxc3 11. bxc3 N5f6 12. g3 b6 13. Bf4 Qc6 14. Bg2
Bb7 15. O-O b5 16. Qb3 Nd5 17. Ne5 Nxe5 18. Bxe5 O-O 19. c4 bxc4 20. Rxc4 Qb6
21. Rc5 1/2-1/2

[Event "POL-ch 64th"]
[Site "Opole POL"]
[Date "2007.02.09"]
[Round "1.5"]
[White "Bobula, Mateusz"]
[Black "Socko, Bartosz"]
[Result "0-1"]
[WhiteElo "2359"]
[BlackElo "2629"]
[EventDate "2007.02.09"]
[PlyCount "92"]

1. d4 Nf6 2. c4 g6 3. Nf3 Bg7 4. g3 O-O 5. Bg2 d6 6. O-O Nc6 7. Nc3 Rb8 8. h3
Bf5 9. b3 Ne4 10. Bb2 Nxc3 11. Bxc3 Be4 12. Rc1 e5 13. dxe5 dxe5 14. Qxd8 Rfxd8
15. Rfd1 f6 16. Ne1 Bxg2 17. Kxg2 Bf8 18. Nc2 Kf7 19. e4 Ke6 20. f3 a6 21. a4
Rxd1 22. Rxd1 b5 23. cxb5 axb5 24. Ne3 b4 25. Bb2 Na5 26. Rd3 Bc5 27. Nd5 Rb7
28. Bc1 c6 29. Be3 Bxe3 30. Nxe3 Rd7 31. Rxd7 Kxd7 32. Kf2 Kd6 33. Ke2 Nxb3
34. Kd3 Na5 35. f4 c5 36. Nd5 f5 37. Nf6 c4+ 38. Kc2 exf4 39. gxf4 fxe4
40. Nxe4+ Kd5 41. Ng5 Kd4 42. Ne6+ Ke3 43. Nf8 c3 44. Nxh7 Kd4 45. Ng5 b3+
46. Kc1 Nc4 0-1

[Event "POL-ch 64th"]
[Site "Opole POL"]
[Date "2007.02.09"]
[Round "1.6"]
[White "Bobras, Piotr"]
[Black "Bartel, Mateusz"]
[Result "1/2-1/2"]
[WhiteElo "2542"]
[BlackElo "2587"]
[EventDate "2007.02.09"]
[PlyCount "36"]

1. e4 e6 2. d4 d5 3. Nc3 Bb4 4. e5 c5 5. a3 Bxc3+ 6. bxc3 Qa5 7. Bd2 Qa4
8. Qb1 a6 9. Qb3 Qxb3 10. cxb3 Nc6 11. dxc5 Nxe5 12. Bf4 Ng6 13. Bd6 N8e7
14. Bd3 e5 15. O-O-O Be6 16. Ne2 O-O-O 17. h3 Nc6 18. Bc2 Nh4 1/2-1/2

[Event "POL-ch 64th"]
[Site "Opole POL"]
[Date "2007.02.09"]
[Round "1.7"]
[White "Markowski, Tomasz"]
[Black "Kempinski, Robert"]
[Result "1/2-1/2"]
[WhiteElo "2553"]
[BlackElo "2590"]
[EventDate "2007.02.09"]
[PlyCount "32"]

1. Nf3 Nf6 2. c4 c6 3. Nc3 d5 4. e3 g6 5. d4 Bg7 6. Be2 O-O 7. O-O a6 8. b3
Ne4 9. Bb2 Nxc3 10. Bxc3 Bf5 11. Rc1 Nd7 12. cxd5 cxd5 13. Qd2 Nf6 14. Qb2 Ne4
15. Bb4 a5 16. Ba3 a4 1/2-1/2

[Event "POL-ch 64th"]
[Site "Opole POL"]
[Date "2007.02.10"]
[Round "2.1"]
[White "Grabarczyk, Miroslaw"]
[Black "Kempinski, Robert"]
[Result "1/2-1/2"]
[WhiteElo "2461"]
[BlackElo "2590"]
[EventDate "2007.02.09"]
[PlyCount "73"]

1. d4 Nf6 2. c4 g6 3. g3 d5 4. cxd5 Nxd5 5. Bg2 Bg7 6. Nf3 Nb6 7. O-O Nc6
8. Nc3 O-O 9. d5 Na5 10. Qc2 c6 11. dxc6 Nxc6 12. Rd1 Bf5 13. e4 Bd7 14. Qe2
Qc8 15. Be3 Bg4 16. Nd5 Nxd5 17. exd5 Ne5 18. Bd4 Qf5 19. Bxe5 Bxf3 20. Bxf3
Bxe5 21. Rac1 Qf6 22. Rc4 Rfc8 23. Rdc1 Rxc4 24. Rxc4 a5 25. b3 Bd6 26. Kg2 Kg7
27. a4 Rb8 28. Qd3 h5 29. h4 b6 30. Be2 b5 31. axb5 Rxb5 32. Rf4 Bxf4 33. Qxb5
Bd2 34. Qd3 Bb4 35. Qf3 Qd4 36. Bb5 Bc5 37. Be8 1/2-1/2

[Event "POL-ch 64th"]
[Site "Opole POL"]
[Date "2007.02.10"]
[Round "2.4"]
[White "Macieja, Bartlomiej"]
[Black "Bobula, Mateusz"]
[Result "1/2-1/2"]
[WhiteElo "2629"]
[BlackElo "2359"]
[EventDate "2007.02.09"]
[PlyCount "77"]

1. c4 e6 2. g3 d5 3. Bg2 Nf6 4. Nf3 c5 5. O-O Nc6 6. cxd5 exd5 7. d4 Be7
8. Be3 cxd4 9. Nxd4 O-O 10. Nc3 Re8 11. Rc1 Be6 12. Nxc6 bxc6 13. Na4 Bd7
14. Bc5 Bxc5 15. Nxc5 Bg4 16. Re1 Qa5 17. h3 Bf5 18. Qa4 Qd2 19. Qf4 Qxf4
20. gxf4 Rab8 21. Nb3 Bd7 22. Rc5 Nh5 23. f5 Nf4 24. Kf1 Rb6 25. f6 gxf6
26. Rc3 a5 27. Nc5 Bf5 28. Rf3 Nxg2 29. Kxg2 Be4 30. Nxe4 Rxe4 31. b3 c5
32. Rc3 c4 33. Rd1 cxb3 34. Rxb3 Rxb3 35. axb3 Rxe2 36. Ra1 Rb2 37. Rxa5 d4
38. Rd5 Rxb3 39. Rxd4 1/2-1/2

[Event "POL-ch 64th"]
[Site "Opole POL"]
[Date "2007.02.10"]
[Round "2.5"]
[White "Cyborowski, Lukasz"]
[Black "Wojtaszek, Radoslaw"]
[Result "1-0"]
[WhiteElo "2580"]
[BlackElo "2637"]
[EventDate "2007.02.09"]
[PlyCount "67"]

1. Nf3 Nf6 2. c4 b6 3. Nc3 Bb7 4. g3 c5 5. Bg2 g6 6. O-O Bg7 7. d4 cxd4
8. Qxd4 d6 9. Rd1 Nbd7 10. b3 O-O 11. Qh4 h5 12. Bb2 Rc8 13. Nd5 Bxd5 14. cxd5
Rc2 15. Rab1 Ng4 16. Bxg7 Kxg7 17. h3 Ngf6 18. Ra1 Rc5 19. Nd4 Qc8 20. b4 Rc4
21. Qg5 Ne5 22. Qd2 h4 23. f4 hxg3 24. fxe5 dxe5 25. Nc6 Rh8 26. e4 Nxe4
27. Qe2 b5 28. Rac1 Nf6 29. Rxc4 bxc4 30. Qxe5 Rxh3 31. Nxe7 Qh8 32. Bxh3 Qxh3
33. Rd2 Qh6 34. Qxf6+ 1-0

[Event "POL-ch 64th"]
[Site "Opole POL"]
[Date "2007.02.10"]
[Round "2.6"]
[White "Grabarczyk, Bogdan"]
[Black "Tomczak, Jacek"]
[Result "0-1"]
[WhiteElo "2441"]
[BlackElo "2457"]
[EventDate "2007.02.09"]
[PlyCount "84"]

1. e4 d5 2. exd5 Nf6 3. Nf3 Nxd5 4. d4 g6 5. c4 Nb6 6. Nc3 Bg7 7. c5 Nd5
8. Bc4 c6 9. O-O Be6 10. Bb3 O-O 11. Re1 b6 12. Nxd5 Bxd5 13. Bg5 Re8 14. Bxd5
cxd5 15. Qa4 bxc5 16. dxc5 Nd7 17. c6 Nc5 18. Qh4 Ne4 19. Rad1 f5 20. Bc1 Bf6
21. Ng5 h5 22. f3 Qb6+ 23. Kf1 Qb5+ 24. Re2 Qa4 25. Ke1 Qb4+ 26. Bd2 Qd4
27. Be3 Bxg5 28. Qxg5 Qxd1+ 29. Kxd1 Nxg5 30. Bxg5 Rac8 31. Rc2 a5 32. Bd2 Ra8
33. Rc5 a4 34. Rxd5 Kf7 35. Rc5 Ke6 36. Bf4 Red8+ 37. Kc2 Rd5 38. Rc4 Rb5
39. h4 Kd5 40. Kd3 Rc5 41. Rb4 Kxc6 42. Be3 Rd8+ 0-1

[Event "POL-ch 64th"]
[Site "Opole POL"]
[Date "2007.02.10"]
[Round "2.7"]
[White "Lubczynski, Rafal"]
[Black "Heberla, Bartlomiej"]
[Result "1/2-1/2"]
[WhiteElo "2383"]
[BlackElo "2557"]
[EventDate "2007.02.09"]
[PlyCount "65"]

1. d4 Nf6 2. Nf3 g6 3. c4 Bg7 4. Nc3 O-O 5. e4 c6 6. Be2 d5 7. e5 Ne4 8. O-O
Nxc3 9. bxc3 dxc4 10. Bxc4 c5 11. Bf4 Bg4 12. h3 Bxf3 13. Qxf3 Nc6 14. Rfd1
cxd4 15. cxd4 e6 16. Qe4 Qe7 17. Rab1 Rad8 18. d5 exd5 19. Bxd5 Rfe8 20. Bxc6
bxc6 21. Qxc6 Bxe5 22. Re1 Qf6 23. Qxf6 Bxf6 24. Rxe8+ Rxe8 25. Be3 a6 26. Rb6
Re6 27. Rb8+ Kg7 28. Ra8 h6 29. g3 Bg5 30. Bd4+ Bf6 31. Be3 Bg5 32. Bd4+ Bf6
33. Be3 1/2-1/2

[Event "POL-ch 64th"]
[Site "Opole POL"]
[Date "2007.02.11"]
[Round "3.1"]
[White "Heberla, Bartlomiej"]
[Black "Grabarczyk, Miroslaw"]
[Result "1-0"]
[WhiteElo "2557"]
[BlackElo "2461"]
[EventDate "2007.02.09"]
[PlyCount "83"]

1. e4 e5 2. Nf3 Nc6 3. Bb5 Nf6 4. O-O Nxe4 5. d4 Nd6 6. dxe5 Nxb5 7. a4 Nbd4 8.
Nxd4 Nxd4 9. Qxd4 d5 10. Nc3 c6 11. Qd3 Qd7 12. Ne2 Be7 13. f4 Qf5 14. Qc3 Qg6
15. f5 Bxf5 16. Nf4 Qg4 17. h3 Qh4 18. g3 Qh6 19. g4 g5 20. Nxd5 cxd5 21. Rxf5
Qc6 22. Qxc6+ bxc6 23. Bxg5 Bxg5 24. Rxg5 Rb8 25. b3 h5 26. Rf1 hxg4 27. Rg7
Rb7 28. hxg4 Re7 29. Rf6 Rxe5 30. Rfxf7 Rg8 31. Rxa7 Rxg7 32. Rxg7 Re1+ 33. Kf2
Rc1 34. Ke3 Rxc2 35. Kd3 Rg2 36. a5 Ra2 37. b4 Ra4 38. g5 Kf8 39. Rc7 Ke8 40.
g6 Kf8 41. Kc3 Ra1 42. Kb2 1-0

[Event "POL-ch 64th"]
[Site "Opole POL"]
[Date "2007.02.11"]
[Round "3.2"]
[White "Tomczak, Jacek"]
[Black "Lubczynski, Rafal"]
[Result "0-1"]
[WhiteElo "2457"]
[BlackElo "2383"]
[EventDate "2007.02.09"]
[PlyCount "60"]

1. e4 e5 2. Nf3 Nc6 3. d4 exd4 4. Nxd4 Bc5 5. Be3 Qf6 6. c3 Nge7 7. Bc4 b6 8.
Qd2 O-O 9. O-O Qg6 10. f3 Ne5 11. Be2 d5 12. f4 N5c6 13. f5 Qf6 14. Kh1 dxe4
15. Bg5 e3 16. Qxe3 Bxd4 17. cxd4 Nxf5 18. Qd2 Qxd4 19. Qc2 Qd6 20. Bf4 Qg6 21.
Qc3 Ncd4 22. Bd3 Bb7 23. Rf2 c5 24. Nd2 Rfe8 25. Nc4 Qg4 26. Raf1 Ne2 27. Qd2
Nh4 28. Rxe2 Rxe2 29. Qxe2 Bxg2+ 30. Kg1 Bf3+ 0-1

[Event "POL-ch 64th"]
[Site "Opole POL"]
[Date "2007.02.11"]
[Round "3.5"]
[White "Bobras, Piotr"]
[Black "Macieja, Bartlomiej"]
[Result "1-0"]
[WhiteElo "2542"]
[BlackElo "2629"]
[EventDate "2007.02.09"]
[PlyCount "119"]

1. e4 c5 2. Nf3 Nc6 3. d4 cxd4 4. Nxd4 Qc7 5. Nc3 e6 6. Be3 a6 7. Qd2 Nxd4 8.
Bxd4 Ne7 9. Qe3 b5 10. O-O-O Bb7 11. Kb1 Rc8 12. Bd3 Ng6 13. e5 Bc5 14. f4 O-O
15. Rhe1 d6 16. exd6 Qxd6 17. Bxc5 Qxc5 18. Qxc5 Rxc5 19. g3 Rfc8 20. Ne4 Rd5
21. b4 a5 22. bxa5 Ne7 23. Kb2 Bc6 24. a3 Ra8 25. Nc3 Rh5 26. h4 g6 27. a6 Nd5
28. Na2 Rxa6 29. Be2 Rf5 30. Bg4 Rf6 31. Nb4 Nxb4 32. axb4 h5 33. Bh3 Bd5 34.
Ra1 Rxa1 35. Kxa1 e5 36. Rxe5 Bc4 37. Kb2 Rd6 38. Kc3 Rd1 39. Re3 Kg7 40. Bg2
Kf6 41. Be4 Rb1 42. Bc6 Rd1 43. Re5 Rg1 44. Rg5 Ke7 45. Kd4 f6 46. Rxg6 Bf7 47.
Rh6 Rxg3 48. Bxb5 Rg4 49. Bd3 Rxf4+ 50. Kc5 Rxh4 51. b5 Rg4 52. Rh7 Rg5+ 53.
Kc6 Kf8 54. Rxf7+ Kxf7 55. b6 Re5 56. b7 Re6+ 57. Kc7 Re7+ 58. Kb6 Re8 59. Bf5
Ke7 60. Bc8 1-0

[Event "POL-ch 64th"]
[Site "Opole POL"]
[Date "2007.02.12"]
[Round "4.1"]
[White "Grabarczyk, Miroslaw"]
[Black "Bartel, Mateusz"]
[Result "1/2-1/2"]
[WhiteElo "2461"]
[BlackElo "2587"]
[EventDate "2007.02.09"]
[PlyCount "40"]

1. d4 g6 2. c4 Bg7 3. Nf3 c5 4. d5 d6 5. e4 e5 6. Nc3 Nh6 7. h4 f5 8. g3 O-O 9.
h5 f4 10. hxg6 hxg6 11. Be2 g5 12. Nh2 Qf6 13. g4 Kf7 14. f3 Rh8 15. Kd2 Ke7
16. Qg1 Na6 17. a3 Bd7 18. Nf1 Rh7 19. Kc2 Rah8 20. Rh2 Nf7 1/2-1/2

[Event "POL-ch 64th"]
[Site "Opole POL"]
[Date "2007.02.12"]
[Round "4.2"]
[White "Socko, Bartosz"]
[Black "Kempinski, Robert"]
[Result "1/2-1/2"]
[WhiteElo "2629"]
[BlackElo "2590"]
[EventDate "2007.02.09"]
[PlyCount "39"]

1. e4 c5 2. Nf3 d6 3. d4 cxd4 4. Nxd4 Nf6 5. Nc3 a6 6. Be3 e5 7. Nde2 Be6 8. f4
Qc7 9. f5 Bc4 10. Nc1 Nbd7 11. Nb3 Be7 12. Bxc4 Qxc4 13. Qd3 Qxd3 14. cxd3 d5
15. exd5 Bb4 16. O-O Bxc3 17. bxc3 Nxd5 18. Bd2 O-O 19. c4 N5f6 20. Bc3 1/2-1/2

[Event "POL-ch 64th"]
[Site "Opole POL"]
[Date "2007.02.12"]
[Round "4.3"]
[White "Macieja, Bartlomiej"]
[Black "Markowski, Tomasz"]
[Result "1/2-1/2"]
[WhiteElo "2629"]
[BlackElo "2553"]
[EventDate "2007.02.09"]
[PlyCount "47"]

1. e4 c5 2. Nf3 e6 3. d4 cxd4 4. Nxd4 a6 5. Nc3 b5 6. Bd3 d6 7. O-O Nf6 8. a4
b4 9. Na2 Bb7 10. Qe1 a5 11. c3 bxc3 12. Nxc3 Be7 13. Bb5+ Nfd7 14. Nb3 O-O 15.
Bf4 Nc6 16. Qd2 Nc5 17. Nxc5 dxc5 18. Rad1 Nd4 19. Be3 Bf6 20. Qd3 Qb6 21. Rd2
g6 22. Qc4 Bg7 23. Rfd1 Rac8 24. f3 1/2-1/2

[Event "POL-ch 64th"]
[Site "Opole POL"]
[Date "2007.02.12"]
[Round "4.4"]
[White "Cyborowski, Lukasz"]
[Black "Bobras, Piotr"]
[Result "0-1"]
[WhiteElo "2580"]
[BlackElo "2542"]
[EventDate "2007.02.09"]
[PlyCount "96"]

1. Nf3 Nf6 2. c4 g6 3. Nc3 Bg7 4. e4 c5 5. d4 cxd4 6. Nxd4 O-O 7. Be2 Nc6 8.
Be3 d6 9. O-O Bd7 10. f3 Nxd4 11. Bxd4 a5 12. b3 Bc6 13. Qd2 Nd7 14. Be3 Nc5
15. Rac1 Qb6 16. Nb5 Rfc8 17. Rfd1 h5 18. Bf1 Kh7 19. Rc2 Qd8 20. Nc3 Qb6 21.
Rb1 Qb4 22. Qc1 Qb6 23. Kh1 Qd8 24. Qd2 Qf8 25. Nd5 Bxd5 26. Qxd5 b6 27. Bf2
Ra7 28. Qd2 Bh6 29. Qe1 Qg7 30. Rd1 Qf6 31. Rd5 Nd7 32. Qe2 Rc5 33. g3 Rxd5 34.
cxd5 Nc5 35. h4 Bg7 36. Kg2 Qa1 37. Be3 Bh6 38. f4 Qb1 39. Bf2 Bg7 40. Rc4 b5
41. Qc2 Qa1 42. Bxc5 Rb7 43. Bd4 Bxd4 44. Rc6 Bc5 45. Qd2 Qb1 46. e5 a4 47. e6
fxe6 48. dxe6 Qe4+ 0-1

[Event "POL-ch 64th"]
[Site "Opole POL"]
[Date "2007.02.12"]
[Round "4.5"]
[White "Grabarczyk, Bogdan"]
[Black "Bobula, Mateusz"]
[Result "1-0"]
[WhiteElo "2441"]
[BlackElo "2359"]
[EventDate "2007.02.09"]
[PlyCount "127"]

1. e4 e6 2. d4 d5 3. Nc3 Nf6 4. e5 Nfd7 5. Nf3 c5 6. dxc5 Nc6 7. Bf4 Bxc5 8.
Bd3 f6 9. exf6 Nxf6 10. Qe2 O-O 11. O-O-O Bd7 12. Kb1 Qe7 13. Ne5 Nxe5 14. Bxe5
b5 15. f4 a6 16. Qf3 b4 17. Ne2 Bb5 18. Nd4 Nd7 19. Qh5 Bxd3 20. Rxd3 Bxd4 21.
Rxd4 Rf5 22. Qe2 Nxe5 23. fxe5 Raf8 24. Qxa6 Rxe5 25. Qb5 Ref5 26. Rxb4 Rf2 27.
a4 Qc7 28. Rc1 Rc8 29. Qb6 Qxb6 30. Rxb6 Ra8 31. b3 Kf7 32. Rc6 Rxg2 33. Re1
Rxh2 34. Rexe6 Ra7 35. Red6 Rh5 36. a5 Rxa5 37. Rd7+ Ke8 38. Rxg7 Kf8 39. Rcc7
h6 40. Kb2 Ra8 41. Rgd7 Re8 42. b4 Kg8 43. c3 Rg5 44. Rc5 d4 45. Rxg5+ hxg5 46.
Rxd4 Kf7 47. b5 Rg8 48. Rg4 Ke6 49. Kb3 Kf5 50. Rg1 g4 51. c4 Ke5 52. Kb4 Kd6
53. c5+ Kc7 54. Rg3 Kb7 55. c6+ Kb6 56. Ra3 g3 57. Ra6+ Kc7 58. Ra7+ Kd6 59.
Rd7+ Ke5 60. Rd1 g2 61. c7 Rg4+ 62. Ka5 Rd4 63. c8=Q Rxd1 64. Qc7+ 1-0

[Event "POL-ch 64th"]
[Site "Opole POL"]
[Date "2007.02.12"]
[Round "4.6"]
[White "Lubczynski, Rafal"]
[Black "Wojtaszek, Radoslaw"]
[Result "1/2-1/2"]
[WhiteElo "2383"]
[BlackElo "2637"]
[EventDate "2007.02.09"]
[PlyCount "85"]

1. Nf3 b5 2. d4 Bb7 3. Qd3 a6 4. e4 e6 5. c3 Nf6 6. e5 Ne4 7. Nfd2 Nxd2 8. Nxd2
d6 9. exd6 Qxd6 10. a4 b4 11. Nc4 Qd5 12. Bf4 Nd7 13. Bxc7 Rc8 14. Bg3 Be7 15.
f3 h5 16. h4 O-O 17. Be2 Rfd8 18. O-O Ba8 19. Rfd1 a5 20. Bf1 Bf8 21. Qe2 bxc3
22. bxc3 Qc6 23. Rdc1 Qa6 24. Nd6 Qxe2 25. Bxe2 Rc6 26. Nb5 e5 27. dxe5 Re8 28.
f4 Nc5 29. Nd4 Rg6 30. Kh2 Ne4 31. Be1 Nf2 32. g3 Ng4+ 33. Kh3 Be4 34. Bb5 Rd8
35. Ra2 Bc5 36. f5 Bxd4 37. fxg6 Be3 38. gxf7+ Kxf7 39. Bc4+ Kg6 40. Rcc2 Nxe5
41. Be6 Bxc2 42. Rxc2 Kf6 43. Re2 1/2-1/2

[Event "POL-ch 64th"]
[Site "Opole POL"]
[Date "2007.02.12"]
[Round "4.7"]
[White "Heberla, Bartlomiej"]
[Black "Tomczak, Jacek"]
[Result "1-0"]
[WhiteElo "2557"]
[BlackElo "2457"]
[EventDate "2007.02.09"]
[PlyCount "57"]

1. e4 d5 2. exd5 Nf6 3. d4 Nxd5 4. Nf3 g6 5. c4 Nb6 6. a4 a5 7. c5 Nd5 8. Bc4
Bg7 9. Qb3 c6 10. Nc3 O-O 11. O-O Nb4 12. Ne5 Qe8 13. Bg5 h6 14. Bh4 Bf5 15.
Rae1 g5 16. Bg3 Bc2 17. Qa3 Bf5 18. Ne4 Nc2 19. Qf3 Nxd4 20. Qd3 Ne6 21. Nf6+
Bxf6 22. Qxf5 Ng7 23. Qg6 h5 24. Nf3 Nd7 25. Nxg5 Bxg5 26. Qxg5 e6 27. Bd6 f6
28. Qg3 Rf7 29. Rxe6 1-0

[Event "POL-ch 64th"]
[Site "Opole POL"]
[Date "2007.02.13"]
[Round "5.1"]
[White "Tomczak, Jacek"]
[Black "Grabarczyk, Miroslaw"]
[Result "1/2-1/2"]
[WhiteElo "2457"]
[BlackElo "2461"]
[EventDate "2007.02.09"]
[PlyCount "123"]

1. e4 e5 2. Nf3 Nc6 3. d4 exd4 4. Nxd4 Bc5 5. Be3 Qf6 6. c3 Nge7 7. Bc4 Bb6 8.
O-O O-O 9. Na3 Rd8 10. Ndb5 Ne5 11. Qh5 d5 12. Bg5 Qg6 13. Qxg6 N5xg6 14. exd5
a6 15. d6 cxd6 16. Nd4 Bxd4 17. cxd4 h6 18. Bd2 Be6 19. b3 b5 20. Bd3 Rac8 21.
Nc2 Nd5 22. f4 f5 23. a4 Nge7 24. Rfe1 Kf7 25. axb5 axb5 26. Na3 b4 27. Nb5 Rd7
28. Bc4 Kf6 29. Bxb4 Rxc4 30. bxc4 Nxb4 31. d5 Bf7 32. Red1 Nc8 33. Ra4 Nc2 34.
Rc1 Ne3 35. Ra6 g5 36. g3 gxf4 37. gxf4 Bh5 38. Rc6 Rd8 39. h3 Be8 40. Ra6 Bxb5
41. cxb5 Ne7 42. b6 Rb8 43. Rb1 N3xd5 44. b7 Ke6 45. Ra8 Nc6 46. Rxb8 Nxb8 47.
Rc1 Nb6 48. Rc8 N6d7 49. Kf2 Kd5 50. Ke3 Na6 51. h4 h5 52. Rh8 Ke6 53. Kd4 Ke7
54. Rc8 Nab8 55. Kc4 Na6 56. Rh8 Nac5 57. b8=Q Nxb8 58. Rxb8 Ne6 59. Rb5 Kf6
60. Rd5 Nxf4 61. Rxd6+ Ke5 62. Rd4 1/2-1/2

[Event "POL-ch 64th"]
[Site "Opole POL"]
[Date "2007.02.13"]
[Round "5.2"]
[White "Wojtaszek, Radoslaw"]
[Black "Heberla, Bartlomiej"]
[Result "1/2-1/2"]
[WhiteElo "2637"]
[BlackElo "2557"]
[EventDate "2007.02.09"]
[PlyCount "103"]

1. d4 d5 2. c4 dxc4 3. e3 e5 4. Bxc4 exd4 5. exd4 Nf6 6. Nf3 Bd6 7. Qe2+ Qe7 8.
Qxe7+ Bxe7 9. O-O O-O 10. Nc3 Nc6 11. Re1 Bd6 12. Bg5 Nd7 13. Nb5 Nb6 14. Bf1
Be6 15. a3 Bd5 16. Nd2 a6 17. Nxd6 cxd6 18. Rac1 Rfe8 19. Be3 Rac8 20. f3 Na5
21. Bf4 Rxe1 22. Rxe1 Nc6 23. Bxd6 Nxd4 24. Bd3 Ne6 25. Be5 Rd8 26. Bc2 Bc6 27.
Nf1 Nc4 28. Bc3 Nd4 29. Be4 Nb5 30. Bxc6 bxc6 31. Ne3 Nxe3 32. Rxe3 Nxc3 33.
Rxc3 Rd1+ 34. Kf2 Rd2+ 35. Kg3 Rxb2 36. Rxc6 g5 37. Rxa6 Kg7 38. f4 gxf4+ 39.
Kf3 Ra2 40. h4 h5 41. a4 f6 42. Ra8 Kf7 43. Ra6 Kg6 44. Ra5 Kh6 45. Ra8 Kg7 46.
a5 Ra4 47. a6 Kg6 48. Ke2 Kf5 49. a7 Ra3 50. Kf2 Ra2+ 51. Kf1 Ra1+ 52. Kf2
1/2-1/2

[Event "POL-ch 64th"]
[Site "Opole POL"]
[Date "2007.02.13"]
[Round "5.3"]
[White "Bobula, Mateusz"]
[Black "Lubczynski, Rafal"]
[Result "1-0"]
[WhiteElo "2359"]
[BlackElo "2383"]
[EventDate "2007.02.09"]
[PlyCount "107"]

1. d4 Nf6 2. c4 e6 3. Nf3 b6 4. g3 Ba6 5. b3 Bb4+ 6. Bd2 Be7 7. Bg2 c6 8. Bc3
d5 9. Nbd2 Nbd7 10. O-O O-O 11. Re1 c5 12. e4 dxc4 13. Nxc4 cxd4 14. Nxd4 Rc8
15. e5 Nd5 16. Bb2 Bxc4 17. bxc4 Rxc4 18. Nxe6 fxe6 19. Bxd5 Rc7 20. Bxe6+ Kh8
21. Qe2 Bc5 22. Rf1 Qe8 23. Bd5 Rf5 24. Be4 Rf7 25. Qh5 Nf8 26. Kh1 Qa4 27. f3
Qb5 28. e6 Rfe7 29. Be5 Rc8 30. Bd6 Qe8 31. Qxe8 Rexe8 32. Bxf8 Bxf8 33. f4 g6
34. f5 gxf5 35. Bxf5 Rcd8 36. Rad1 Rxd1 37. Rxd1 Bc5 38. Kg2 Kg7 39. Kf3 Re7
40. g4 Rc7 41. Rd7+ Rxd7 42. exd7 Be7 43. Ke4 h6 44. Kd5 Bd8 45. Kc6 Kf6 46.
Kb7 Ke7 47. Kxa7 Bc7 48. h4 b5 49. Kb7 Kd8 50. g5 hxg5 51. hxg5 b4 52. Kc6 Be5
53. Kd5 Bg7 54. Ke6 1-0

[Event "POL-ch 64th"]
[Site "Opole POL"]
[Date "2007.02.13"]
[Round "5.4"]
[White "Bobras, Piotr"]
[Black "Grabarczyk, Bogdan"]
[Result "1/2-1/2"]
[WhiteElo "2542"]
[BlackElo "2441"]
[EventDate "2007.02.09"]
[PlyCount "23"]

1. e4 Nf6 2. e5 Nd5 3. d4 d6 4. Nf3 Nc6 5. c4 Nb6 6. e6 fxe6 7. h4 e5 8. d5 Nd4
9. Nxd4 exd4 10. Qxd4 e5 11. dxe6 Qf6 12. Qxf6 1/2-1/2

[Event "POL-ch 64th"]
[Site "Opole POL"]
[Date "2007.02.13"]
[Round "5.5"]
[White "Markowski, Tomasz"]
[Black "Cyborowski, Lukasz"]
[Result "1-0"]
[WhiteElo "2553"]
[BlackElo "2580"]
[EventDate "2007.02.09"]
[PlyCount "89"]

1. g3 e5 2. c4 Nf6 3. Bg2 d5 4. cxd5 Nxd5 5. Nf3 Nc6 6. O-O Nb6 7. Nc3 Be7 8.
d3 Be6 9. a3 O-O 10. b4 a5 11. b5 Nd4 12. Rb1 f6 13. Nd2 c6 14. bxc6 Nxc6 15.
Nc4 Ra6 16. Be3 Nxc4 17. dxc4 Bxa3 18. Rxb7 Qc8 19. Rb1 Rd8 20. Qa4 Bb4 21. Nd5
Nd4 22. Bxd4 exd4 23. Rfc1 Bxd5 24. cxd5 Bc3 25. e3 Ra7 26. exd4 Rc7 27. Rb6
Bb4 28. Rbc6 Rxc6 29. dxc6 Qc7 30. Qb3+ Kf8 31. Qc4 g6 32. Rc2 Re8 33. Bf3 Kg7
34. Kg2 Bd6 35. Rb2 Bb4 36. Bd5 Qe7 37. Rc2 Bd6 38. Bf3 Qc7 39. Bg4 f5 40. Bf3
h5 41. Rb2 Bb4 42. d5 Qd6 43. c7 Rc8 44. Rc2 a4 45. Qd4+ 1-0

[Event "POL-ch 64th"]
[Site "Opole POL"]
[Date "2007.02.13"]
[Round "5.7"]
[White "Bartel, Mateusz"]
[Black "Socko, Bartosz"]
[Result "0-1"]
[WhiteElo "2587"]
[BlackElo "2629"]
[EventDate "2007.02.09"]
[PlyCount "116"]

1. e4 e6 2. d4 d5 3. Nc3 Bb4 4. e5 c5 5. a3 Bxc3+ 6. bxc3 Qa5 7. Bd2 Qa4 8. Qb1
c4 9. Ne2 Nc6 10. Ng3 f5 11. exf6 Nxf6 12. Be2 e5 13. dxe5 Nxe5 14. Bf4 Ng6 15.
Be3 O-O 16. O-O b6 17. Qd1 Qc6 18. a4 Nh4 19. f3 Nf5 20. Nxf5 Bxf5 21. Bd4 Rae8
22. a5 Re7 23. axb6 axb6 24. Qd2 Rfe8 25. Rae1 Nd7 26. Bd1 Re6 27. Re3 Rxe3 28.
Bxe3 Nc5 29. Re1 h6 30. Bf2 Re6 31. Rxe6 Qxe6 32. g4 Bg6 33. Kg2 Kh7 34. Bd4
Qe7 35. h3 Qe6 36. h4 h5 37. Qg5 Qf7 38. Qe5 Nd7 39. Qd6 b5 40. g5 Nf8 41. Kf2
Qf5 42. Be5 Nd7 43. Bg3 Bf7 44. Ke3 Qh3 45. Kd2 Nc5 46. Bf2 Nd7 47. Kc1 Qe6 48.
Qf4 Ne5 49. Kb2 Bg6 50. Bc5 Nc6 51. Qc7 d4 52. cxd4 c3+ 53. Kxc3 Qe1+ 54. Kb2
Qxd1 55. Qxc6 Qxc2+ 56. Ka3 Qc3+ 57. Ka2 b4 58. Qa4 Bf7+ 0-1

[Event "POL-ch 64th"]
[Site "Opole POL"]
[Date "2007.02.14"]
[Round "6.1"]
[White "Grabarczyk, Miroslaw"]
[Black "Socko, Bartosz"]
[Result "1/2-1/2"]
[WhiteElo "2461"]
[BlackElo "2629"]
[EventDate "2007.02.09"]
[PlyCount "66"]

1. d4 g6 2. c4 Bg7 3. Nf3 c5 4. d5 d6 5. e4 e5 6. Nc3 Nf6 7. g3 O-O 8. Bg2 a6
9. a4 Ne8 10. h4 Bg4 11. Bh3 Bxh3 12. Rxh3 Nf6 13. Rh1 Nbd7 14. Kf1 Qe7 15. Kg2
Rfb8 16. Bd2 Qf8 17. Qc1 b6 18. Ra3 Rb7 19. Ra1 h5 20. Qc2 Ne8 21. Rhb1 f6 22.
Qd1 Bh6 23. Qe2 Nc7 24. b3 Rab8 25. Bxh6 Qxh6 26. Nd2 Kf7 27. Ra2 Ke7 28. Rab2
Rg8 29. Nf3 Ra8 30. Ra2 Rab8 31. Rab2 Rg8 32. Ra2 Rbb8 33. Rab2 Rb7 1/2-1/2